គីមីជីវវិទ្យា (Record no. 9089)

000 -LEADER
fixed length control field 00270nam a22001217a 4500
040 ## - CATALOGING SOURCE
Transcribing agency SY
082 ## - DEWEY DECIMAL CLASSIFICATION NUMBER
Classification number 572
100 ## - MAIN ENTRY--AUTHOR NAME
Personal name ញ៉ែម ថារី
245 ## - TITLE STATEMENT
Title គីមីជីវវិទ្យា
260 ## - PUBLICATION, DISTRIBUTION, ETC. (IMPRINT)
Place of publication RUA
Name of publisher ញ៉ែម
Year of publication 2016
300 ## - PHYSICAL DESCRIPTION
Number of Pages 39p.
942 ## - ADDED ENTRY ELEMENTS (KOHA)
Koha item type សៀវភៅភាសាខ្មែរ
952 ## - LOCATION AND ITEM INFORMATION (KOHA)
Withdrawn status [LOCAL, KOHA] 0
Holdings
Permanent Location Date acquired Koha item type Lost status Shelving location Barcode Current Location Full call number
Library Block C2016-08-24សៀវភៅភាសាខ្មែរ C173RUA061407Library Block C572 ញ៉ែម 2016 C173
មជ្ឈមណ្ឌលឯការនៃសាកលវិទ្យាល័យភូមិន្ទកសិកម្មចំការដូង

Powered by Koha